College Basketball Teams Who Have Never Made The NCAA Tournament - Statistics

General Stats
  • This quiz has been taken 258 times
  • The average score is 14 of 44
Answer Stats
Conference Answer % Correct
Big Ten Northwestern
66%
America East Maine
60%
America East New Hampshire
53%
Big Sky North Dakota
49%
Summit League South Dakota
49%
Atlantic Sun Stetson
44%
Summit League Denver
42%
Patriot League Army
38%
Atlantic Sun Kennesaw State
38%
Big Sky Sacramento State
38%
America East Hartford
37%
Atlantic Sun NJIT
36%
Northeast St. Francis Brooklyn
36%
Big West UC Davis
36%
Colonial Athletic Elon
35%
Summit League Omaha
35%
Mid-Eastern Bethune-Cookman
34%
SWAC Grambling
34%
Big South High Point
34%
Atlantic Sun Lipscomb
34%
Western Athletic Utah Valley
34%
Horizon League Youngstown State
34%
Northeast Bryant
32%
Western Athletic Chicago State
32%
Ohio Valley Jacksonville State
31%
Big South Longwood
31%
Big South Presbyterian
30%
Big West UC Riverside
29%
Summit League Western Illinois
29%
Metro Atlantic Quinnipiac
28%
Atlantic Sun South Carolina Upstate
28%
Big South Gardner-Webb
27%
Horizon League Northern Kentucky
27%
Southern Citadel
25%
Northeast Sacred Heart
25%
Western Athletic UMKC
25%
Summit League IPFW
23%
Ohio Valley SIU Edwardsville
23%
Southland Central Arkansas
21%
Western Athletic UT Rio Grande Valley
21%
Ohio Valley UT Martin
20%
Colonial Athletic William & Mary
18%
Mid-Eastern Savannah State
14%
Mid-Eastern MD East-Shore
2%
No matching quizzes found
Score Distribution
Percent of People with Each Score
Percentile by Number Answered
Your Score History
You have not taken this quiz